Ghost Songs by Lyrics #3 - Statistics

General Stats
  • This quiz has been taken 70 times
  • The average score is 11 of 15
Answer Stats
Hint Answer % Correct
Are you ready to swear right here, right now Square Hammer
97%
Can't you see that you're lost without me? Cirice
95%
You've been daddied Kiss the Go-Goat
94%
Would you let me touch your soul, forever? Life Eternal
94%
He’s the shining in the light He Is
92%
Those Ivy League dopes they wanna mock us Twenties
89%
They come back to haunt me once again Hunter's Moon
83%
Smells of dead human sacrifices Ritual
83%
In the night I am real If You Have Ghosts
71%
So take me in turns internally Nocturnal Me
63%
Harvesting crops of fields that others have plowed Jigolo Har Megiddo
57%
Don’t you vomit savage slurs Pro Memoria
56%
Et Lo Spiritus Malum Infestissumam
52%
When mother earth is calling Kaisarion
52%
From thense he shall come to judge Satan Prayer
44%
No matching quizzes found
Score Distribution
Percent of People with Each Score
Percentile by Number Answered
Your Score History
You have not taken this quiz